Premiers ministres britanniques - Statistiques

Statistiques générales
  • Ce quiz a été pris 508 fois
  • Le résultat moyen est 15 sur 79
Statistiques - réponses
Période Premier ministre % Correct
1940-1945 Winston Churchill
90%
1951-1955 Winston Churchill
90%
2019-2022 Boris Johnson
88%
1979-1990 Margaret Thatcher
86%
2016-2019 Theresa May
82%
2022-... Rishi Sunak
80%
2010-2016 David Cameron
74%
1997-2007 Tony Blair
71%
2022 Liz Truss
68%
1990-1997 John Major
45%
1945-1951 Clement Attlee
44%
2007-2010 Gordon Brown
44%
1937-1940 Neville Chamberlain
44%
1955-1957 Anthony Eden
34%
1964-1970 Harold Wilson
34%
1974-1976 Harold Wilson
34%
1957-1963 Harold Macmillan
27%
1970-1974 Edward Heath
26%
1916-1922 David Lloyd George
23%
1766-1768 William Pitt l'Ancien (Pitt)
21%
1783-1801 William Pitt le Jeune (Pitt)
21%
1804-1806 William Pitt le Jeune (Pitt)
21%
1976-1979 James Callaghan
20%
1828-1830 Arthur Wellesley (Lord Wellington)
18%
1834 Arthur Wellesley (Lord Wellington)
18%
1868 Benjamin Disraeli
18%
1874-1880 Benjamin Disraeli
18%
1963-1964 Alec Douglas-Home
17%
1924 Ramsay MacDonald
17%
1929-1935 Ramsay MacDonald
17%
1923-1924 Stanley Baldwin
14%
1924-1929 Stanley Baldwin
14%
1935-1937 Stanley Baldwin
14%
1721-1742 Robert Walpole
11%
1868-1874 William Ewart Gladstone
10%
1880-1885 William Ewart Gladstone
10%
1886 William Ewart Gladstone
10%
1892-1894 William Ewart Gladstone
10%
1902-1905 Arthur Balfour
9%
1908-1916 Herbert Henry Asquith
9%
1834-1835 Robert Peel
8%
1841-1846 Robert Peel
8%
1922-1923 Andrew Bonar Law
6%
1855-1858 Henry John Temple (Lord Palmerston)
6%
1859-1865 Henry John Temple (Lord Palmerston)
6%
1809-1812 Spencer Perceval
5%
1770-1782 Frederick North
4%
1905-1908 Henry Campbell-Bannerman
4%
1885-1886 Robert Gascoyne-Cecil (Lord Salisbury)
4%
1886-1892 Robert Gascoyne-Cecil (Lord Salisbury)
4%
1895-1902 Robert Gascoyne-Cecil (Lord Salisbury)
4%
1830-1834 Charles Grey
3%
1852 Edward Smith-Stanley
3%
1858-1859 Edward Smith-Stanley
3%
1866-1868 Edward Smith-Stanley
3%
1827 George Canning
3%
1763-1765 George Grenville
3%
1801-1804 Henry Addington
3%
1846-1852 John Russell
3%
1865-1866 John Russell
3%
1762-1763 John Stuart
3%
1756-1757 William Cavendish
3%
1806-1807 William Grenville
3%
1834 William Lamb (Lord Melbourne)
3%
1835-1841 William Lamb (Lord Melbourne)
3%
1768-1770 Augustus FitzRoy
2%
1765-1766 Charles Watson-Wentworth (Lord Rockingham)
2%
1782 Charles Watson-Wentworth (Lord Rockingham)
2%
1852-1855 George Hamilton-Gordon (Lord Aberdeen)
2%
1743-1754 Henry Pelham
2%
1742-1743 Spencer Compton
2%
1783 William Cavendish-Bentick
2%
1807-1809 William Cavendish-Bentick
2%
1827-1828 Frederick John Robinson (Lord Goderich)
1%
1754-1756 Thomas Pelham-Holles
1%
1757-1762 Thomas Pelham-Holles
1%
1782-1783 William Petty FitzMaurice (Lord Shelburne)
1%
1894-1895 Archibald Primrose (Lord Dalmeny)
0%
1812-1827 Robert Jenkinson (Lord Hawkesbury)
0%
Aucun quiz correspondant
Distribution des résultats
% des personnes avec chaque résultat
Percentile par nombre de réponses
Votre historique - résultats
Vous n’avez pas pris ce quiz